| 000 | 00399 a2200169 4500 | ||
|---|---|---|---|
| 001 | 190883 | ||
| 020 | _a85-00-10702-2 | ||
| 040 | _cMagnum | ||
| 100 | _aBarreto, Lima | ||
| 240 | 1 | 0 |
_aRecordações do escrivão Isaías Caminha _lpor |
| 245 | 1 | 0 | _aRecordações do escrivão Isaías Caminha |
| 300 | _a224 | ||
| 362 | 0 | _a1997 | |
| 440 | 1 | _aEdiouro | |
| 697 | _aLITERATURA GERAL | ||
| 942 | _cBK | ||
| 999 |
_c190883 _d190883 |
||